Direito administrativo disciplinar : (Record no. 671)

MARC details
000 -LÍDER
Campo Fixo de Controle 00772nam a2200241 a 4500
001 - NÚMERO DE CONTROLE
Campo de Controle 671
003 - IDENTIFICAÇÃO DO NÚMERO DE CONTROLE
Campo de Controle BR-CuiBMT
005 - DATA E HORA DA ÚLTIMA ATUALIZAÇÃO
Campo de Controle 20231113164954.0
008 - DADOS FIXOS
Dados Fixos 231113b2008 m 000 0 por d
020 ## - INTERNATIONAL STANDARD BOOK NUMBER
Nº do ISBN 9788577001835
040 ## - AGÊNCIA CATALOGADORA
Código da Agência Catalogadora BR-CuiBMT
Agência que transcreveu o registro BR-CuiBMT
080 ## - Nº DA CLASSIFICAÇÃO DECIMAL UNIVERSAL
Nº edição CDU 2007
Nº Class. CDU 35.077.3
090 ## - NÚMERO DE CHAMADA
Nº classificação 35.077.3
Cutter L638d
100 1# - ENTRADA PRINCIPAL -- AUTOR PESSOAL
Nome pessoal Lessa, Sebastião José
245 10 - TÍTULO PRINCIPAL
Título principal Direito administrativo disciplinar :
Subtítulo interpretado pelos tribunais /
Indicação de responsabilidade Sebastião José Lessa ; Prefácio Palhares Moreira Reis ; Apresentação Senador Romeo Tuma
260 ## - PUBLICAÇÃO, DISTRIBUIÇÃO, ETC.
Local de publicação Belo Horizonte :
Editora Fórum,
Data 2008.
300 ## - DESCRIÇÃO FÍSICA
N. páginas ou volumes 214 p. ;
Dimensões 22 cm
504 ## - NOTA DE BIBLIOGRAFIA, ETC.
Nota de bibliografia Inclui bibliografia.
650 ## - ASSUNTO TÓPICO
Cabeçalho tópico ou nome geográfico Direito administrativo
650 ## - ASSUNTO TÓPICO
Cabeçalho tópico ou nome geográfico Direito disciplinar
650 ## - ASSUNTO TÓPICO
Cabeçalho tópico ou nome geográfico Servidor público
942 ## - ELEMENTOS DE ENTRADA ADICIONAIS (KOHA)
Fonte de classificação ou esquema de arquivamento Classificação Decimal Universal
Tipo de item do Koha Livros
Holdings
Estado: removido Estado: perdido Fonte de classificação ou esquema de arquivamento Estado: danificado Indisponível para empréstimo Localização permanente Localização atual Data de aquisição Total Checkouts Número de Chamada completo Código de barras Date last seen Número do exemplar Preço efetivo a partir de Tipo de item (Koha)
    Classificação Decimal Universal     Biblioteca da Escola Superior de Contas do TCE/MT Biblioteca da Escola Superior de Contas do TCE/MT 15/10/2018   35.077.3 L638d BIBTCEMT23110510 13/11/2023 Ex. 1 13/11/2023 Livros
    Classificação Decimal Universal     Biblioteca da Escola Superior de Contas do TCE/MT Biblioteca da Escola Superior de Contas do TCE/MT 15/10/2018   35.077.3 L638d BIBTCEMT23120644 16/12/2023 Ex. 2 13/11/2023 Livros

Powered by Koha